书目信息 |
| 题名: |
旅游美学
|
|
| 作者: | 马莹 主编 | |
| 分册: | ||
| 出版信息: | 北京 中国旅游出版社 2009 |
|
| 页数: | 305页 | |
| 开本: | 23cm | |
| 丛书名: | ||
| 单 册: | ||
| 中图分类: | F590 , P901 | |
| 科图分类: | ||
| 主题词: | 旅游--美学--高等学校--教材 , 景观美学--高等学校--教材 , 旅游 , 美学 , 景观美学 | |
| 电子资源: | ||
| ISBN: | 978-7-5032-3833-8 | |
| 000 | 01035nam0 2200313 45 | |
| 001 | 1354509858 | |
| 005 | 20130510101017.32 | |
| 010 | @a978-7-5032-3833-8@dCNY29.80 | |
| 100 | @a20130108d2009 em y0chiy0110 ea | |
| 101 | 0 | @achi |
| 102 | @aCN@b110000 | |
| 105 | @aa z 000yy | |
| 106 | @ar | |
| 200 | 1 | @a旅游美学@ALu^ You Mei Xue@dTourism esthetics@f马莹主编@FMa Ying Zhu Bian@zeng |
| 210 | @a北京@c中国旅游出版社@d2009 | |
| 215 | @a305页@c图@d23cm | |
| 300 | @a21世纪高等学校旅游管理本科专业教材 | |
| 330 | @a本书阐述了自然景观美及其欣赏方法、人文景观美及其欣赏方法、社会景观美及其欣赏方法以及旅游审美主体的审美条件,分析了审美过程中影响或制约审美情趣以及审美水平的各因素。 | |
| 510 | 1 | @aTourism esthetics@zeng |
| 606 | 0 | @a旅游@x美学@x高等学校@j教材 |
| 606 | 0 | @a景观美学@x高等学校@j教材 |
| 606 | 0 | @a旅游 |
| 606 | 0 | @a美学 |
| 606 | 0 | @a景观美学 |
| 690 | @aF590@v5 | |
| 690 | @aP901@v5 | |
| 701 | 0 | @a马莹@AMa Ying@c(旅游学)@4主编 |
| 801 | @aCN@bTANGWEI@c20130108 | |
| 905 | @b0830416-18@dF590@e311@f3 | |
| 旅游美学=Tourism esthetics/马莹主编.-北京:中国旅游出版社,2009 |
| 305页:图;23cm |
| 21世纪高等学校旅游管理本科专业教材 |
| ISBN 978-7-5032-3833-8:CNY29.80 |
| 本书阐述了自然景观美及其欣赏方法、人文景观美及其欣赏方法、社会景观美及其欣赏方法以及旅游审美主体的审美条件,分析了审美过程中影响或制约审美情趣以及审美水平的各因素。 |
| ● |
| 相关链接 |
|
|
|
|
正题名:旅游美学
索取号:F590/311
 
预约/预借
| 序号 | 登录号 | 条形码 | 馆藏地/架位号 | 状态 | 备注 |
| 1 | 0830416 | 208304164 | 第一样本阅览室/ [索取号:F590/311] | 在馆 | |
| 2 | 0830417 | 208304173 | 密集书库-资源管理系/ [索取号:F590/311] | 在馆 | |
| 3 | 0830418 | 208304182 | 第一借阅区/ [索取号:F590/311] | 在馆 |